A course in quantum many-body theory : (Record no. 172487)

MARC details
000 -LEADER
fixed length control field 00954nam a22002658i 4500
001 - CONTROL NUMBER
control field 020759153
003 - CONTROL NUMBER IDENTIFIER
control field OSt
005 - DATE AND TIME OF LATEST TRANSACTION
control field 20251029112605.0
008 - FIXED-LENGTH DATA ELEMENTS--GENERAL INFORMATION
fixed length control field 220920s2022 sz a 000|0|eng|d
020 ## - INTERNATIONAL STANDARD BOOK NUMBER
International Standard Book Number 9783031163043 (Hardcover)
Terms of availability USD 87.00
040 ## - CATALOGING SOURCE
Original cataloging agency StDuBDS
Language of cataloging eng
Transcribing agency StDuBDS
Description conventions rda
Modifying agency NUST
050 ## - LIBRARY OF CONGRESS CALL NUMBER
Classification number QC173.45 FAB
100 1# - MAIN ENTRY--PERSONAL NAME
Personal name Fabrizio, Michele
Relator term Author
245 12 - TITLE STATEMENT
Title A course in quantum many-body theory :
Remainder of title from conventional fermi liquids to strongly correlated systems /
Statement of responsibility, etc. Michele Fabrizio.
260 ## - PUBLICATION, DISTRIBUTION, ETC.
Place of publication, distribution, etc. Cham, Switzerland :
Name of publisher, distributor, etc. Springer,
Date of publication, distribution, etc. ©2022.
300 ## - PHYSICAL DESCRIPTION
Extent xii, 343 pages :
Other physical details Illustrations ;
Dimensions 24 cm.
336 ## - CONTENT TYPE
Content type term text
Source rdacontent
Content type code txt
337 ## - MEDIA TYPE
Media type term unmediated
Source rdamedia
Media type code n
338 ## - CARRIER TYPE
Carrier type term volume
Source rdacarrier
Carrier type code nc
440 ## - SERIES STATEMENT/ADDED ENTRY--TITLE
Title Graduate texts in physics.
504 ## - BIBLIOGRAPHY, ETC. NOTE
Bibliography, etc. note Includes bibliographical references.
650 #0 - SUBJECT ADDED ENTRY--TOPICAL TERM
Topical term or geographic name entry element Many-body problem.
650 #0 - SUBJECT ADDED ENTRY--TOPICAL TERM
Topical term or geographic name entry element Quantum theory.
942 ## - ADDED ENTRY ELEMENTS (KOHA)
Source of classification or shelving scheme Library of Congress Classification
Koha item type Ordinary Loan Books
Classification part QC173.45 FAB
Call number prefix QC
Call number suffix FAB
Suppress in OPAC No
Holdings
Withdrawn status Lost status Source of classification or shelving scheme Damaged status Not for loan Collection Home library Current library Shelving location Date acquired Source of acquisition Cost, normal purchase price Total Checkouts Full call number Barcode Date last seen Accession number Cost, replacement price Price effective from Koha item type Public note
    LCC     NFIC MAIN MAIN GEN 10/29/2025 Book Aid International 87.00   QC173.45 FAB 92004055718 10/29/2025 61617 87.00 10/29/2025 BOOKS Donation